书目信息 |
| 题名: |
形式逻辑简明教程
|
|
| 作者: | 于海波 编 | |
| 分册: | ||
| 出版信息: | 北京 中国商业出版社 2002.05 |
|
| 页数: | 329页 | |
| 开本: | 20cm | |
| 丛书名: | 国内贸易部部编高等商科教材专业基础理论系列书目 | |
| 单 册: | ||
| 中图分类: | B812 | |
| 科图分类: | ||
| 主题词: | 形式逻辑--高等教育--教材 | |
| 电子资源: | ||
| ISBN: | 7-5044-4548-7 | |
| 000 | 00885nam 2200253 450 | |
| 001 | 03101210 0 | |
| 005 | 20050131094257.62 | |
| 010 | @a7-5044-4548-7@d13.50CNY | |
| 100 | @a20031012d2002 km y0chiy0120 ea | |
| 101 | 0 | @achi |
| 102 | @aCN@b110000 | |
| 105 | @ay z 000yy | |
| 200 | 1 | @a形式逻辑简明教程@AXing Shi Luo Ji Jian Ming Jiao Cheng@f于海波编@Fyu hai bo bian |
| 210 | @a北京@c中国商业出版社@d2002.05 | |
| 215 | @a329页@d20cm | |
| 225 | 2 | @a国内贸易部部编高等商科教材专业基础理论系列书目 |
| 320 | @a有书目。 | |
| 330 | @a本书内容包括:概念、明确概念的基本逻辑方法、性质判断及其直接推理、性质判断间接推理——三段论推理、关系判断、模态判断及其推理等。 | |
| 410 | 0 | @12001 @a国内贸易部部编高等商科教材专业基础理论系列书目 |
| 606 | 0 | @a形式逻辑@x高等教育@x教材 |
| 690 | @aB812@v4 | |
| 701 | 0 | @a于海波@Ayu hai bo@4编 |
| 801 | 0 | @c20050131 |
| 905 | @a10447@dB812@eY710 | |
| 形式逻辑简明教程/于海波编.-北京:中国商业出版社,2002.05 |
| 329页;20cm.-(国内贸易部部编高等商科教材专业基础理论系列书目) |
| ISBN 7-5044-4548-7:13.50CNY |
| 本书内容包括:概念、明确概念的基本逻辑方法、性质判断及其直接推理、性质判断间接推理——三段论推理、关系判断、模态判断及其推理等。 |
| ● |
| 相关链接 |
|
|
|
正题名:形式逻辑简明教程
索取号:B812/Y710
 
预约/预借
| 序号 | 登录号 | 条形码 | 馆藏地/架位号 | 状态 | 备注 |
| 1 | 521792 | 205217923 | 社科库509/509社科库 20排3列5层/ [索取号:B812/Y710] | 在馆 | |
| 2 | 521793 | 205217932 | 社科库509/504自科库 42排5列1层/ [索取号:B812/Y710] | 在馆 | |
| 3 | 521794 | 205217941 | 社科库509/422社科库 31排2列5层/ [索取号:B812/Y710] | 在馆 |